书目信息 |
| 题名: |
基于Wed挖掘的个性化信息推荐
|
|
| 作者: | 易明 著 | |
| 分册: | ||
| 出版信息: | 北京 科学出版社 2010 |
|
| 页数: | 13,186页 | |
| 开本: | 24cm | |
| 丛书名: | 知识管理与知识服务研究 | |
| 单 册: | ||
| 中图分类: | G354.4 | |
| 科图分类: | ||
| 主题词: | 互联网络--情报检索--检索系统 , 互联网络 , 情报检索 , 检索系统 | |
| 电子资源: | ||
| ISBN: | 978-7-03-027446-5 | |
| 000 | 00971oam2 2200289 45 | |
| 001 | 1237503138 | |
| 005 | 20120618100037.76 | |
| 010 | @a978-7-03-027446-5@dCNY48.00 | |
| 100 | @a20100611d2010 em y0chiy0110 ea | |
| 101 | 0 | @achi |
| 102 | @aCN@b110000 | |
| 105 | @aak z 000yy | |
| 106 | @ar | |
| 200 | 1 | @a基于Wed挖掘的个性化信息推荐@AJi Yu Wed Wa Jue De Ge Xing Hua Xin Xi Tui Jian@f易明著@FYi Ming Zhu |
| 210 | @a北京@c科学出版社@d2010 | |
| 215 | @a13,186页@c图@d24cm | |
| 225 | 2 | @a知识管理与知识服务研究 |
| 330 | @a本书在继承国内外相关研究成果的基础上,建立了基于Wed的挖掘的个性化信息推荐模型,并构建了语法层次、语义层次和语用层次的个性化信息推荐方法体系。 | |
| 461 | 0 | @12001 @a知识管理与知识服务研究 |
| 606 | 0 | @a互联网络@x情报检索@x检索系统 |
| 606 | 0 | @a互联网络 |
| 606 | 0 | @a情报检索 |
| 606 | 0 | @a检索系统 |
| 690 | @aG354.4@v4 | |
| 701 | 0 | @a易明@AYi Ming@f(1978~)@4著 |
| 801 | 0 | @aCN@bTSTCL@c20120606 |
| 905 | @b0815887-91@dG354.4@e111@f5 | |
| 基于Wed挖掘的个性化信息推荐/易明著.-北京:科学出版社,2010 |
| 13,186页:图;24cm.-(知识管理与知识服务研究) |
| ISBN 978-7-03-027446-5:CNY48.00 |
| 本书在继承国内外相关研究成果的基础上,建立了基于Wed的挖掘的个性化信息推荐模型,并构建了语法层次、语义层次和语用层次的个性化信息推荐方法体系。 |
| ● |
| 相关链接 |
|
|
|
|
正题名:基于Wed挖掘的个性化信息推荐
索取号:G354.4/111
 
预约/预借
| 序号 | 登录号 | 条形码 | 馆藏地/架位号 | 状态 | 备注 |
| 1 | 0815887 | 208158875 | 第一样本阅览室/ [索取号:G354.4/111] | 在馆 | |
| 2 | 0815888 | 208158884 | 第四借阅区/ [索取号:G354.4/111] | 在馆 | |
| 3 | 0815889 | 208158893 | 第四借阅区/ [索取号:G354.4/111] | 在馆 | |
| 4 | 0815890 | 208158900 | 第四借阅区/ [索取号:G354.4/111] | 在馆 | |
| 5 | 0815891 | 208158919 | 第四借阅区/ [索取号:G354.4/111] | 在馆 |